[Event "WC-2019-S-00005"]
[Site "LSS email"]
[Date "2019.08.28"]
[Round "?"]
[White "Kolar, Jaroslav"]
[Black "Bordenave, Roberto"]
[Result "1/2-1/2"]
[WhiteElo "2154"]
[BlackElo "2167"]
[PlyCount "111"]
[EventDate "2019.09.01"]
[EventType "tourn (corr)"]
[EventRounds "12"]
[EventCountry "GER"]
[SourceTitle "Corr 2024"]
[Source "ChessBase"]
[SourceDate "2023.10.19"]
[SourceVersion "1"]
[SourceVersionDate "2023.10.19"]
[SourceQuality "1"]

1. d4 d5 2. c4 c6 3. Nf3 Nf6 4. Nc3 e6 5. e3 Nbd7 6. Qc2 Bd6 7. Bd3 0-0 8. 0-0 dxc4 9. Bxc4 b5 10. Bd3 Bb7 11. a3 a5 12. e4 e5 13. Rd1 exd4 14. Nxd4 Qc7 15. h3 Rfd8 16. Bg5 h6 17. Be3 b4 18. axb4 axb4 19. Rxa8 Rxa8 20. Na4 Bf8 21. f3 c5 22. b3 Ne5 23. Be2 g6 24. Nb5 Qc6 25. Rc1 Ba6 26. f4 Ned7 27. e5 Bxb5 28. Bf3 Qa6 29. Bxa8 Qxa8 30. exf6 c4 31. Nb6 Nxb6 32. Bxb6 c3 33. Rd1 Qc6 34. Bd4 Qc8 35. f5 g5 36. h4 gxh4 37. Qe4 Kh7 38. Qxh4 Qxf5 39. Be3 Bd3 40. Qf4 Qxf4 41. Bxf4 Bc2 42. Rd8 Bc5+ 43. Kh1 Bxb3 44. Rc8 Bd4 45. Rb8 Bxf6 46. Rxb4 Bd5 47. Rb5 Be4 48. Kh2 Kg6 49. Rb4 Bd5 50. g4 Bg5 51. Bxg5 hxg5 52. Rb5 c2 53. Rc5 Be4 54. Kg3 f5 55. gxf5+ Bxf5 56. Rc6+ 1/2-1/2

[Event "WC-2019-S-00005"]
[Site "LSS email"]
[Date "2019.08.28"]
[Round "?"]
[White "Kolar, Jaroslav"]
[Black "Castignani, Fausto"]
[Result "1/2-1/2"]
[WhiteElo "2154"]
[BlackElo "2170"]
[PlyCount "94"]
[EventDate "2019.09.01"]
[EventType "tourn (corr)"]
[EventRounds "12"]
[EventCountry "GER"]
[SourceTitle "Corr 2024"]
[Source "ChessBase"]
[SourceDate "2023.10.19"]
[SourceVersion "1"]
[SourceVersionDate "2023.10.19"]
[SourceQuality "1"]

1. d4 Nf6 2. c4 e6 3. Nc3 Bb4 4. Qc2 d5 5. cxd5 exd5 6. Bg5 h6 7. Bh4 0-0 8. e3 Be6 9. Bd3 c5 10. dxc5 d4 11. exd4 Nc6 12. Nf3 Nxd4 13. Nxd4 Qxd4 14. Bxf6 Qxf6 15. 0-0 Bxc3 16. Qxc3 Qxc3 17. bxc3 Rfc8 18. Rab1 Rxc5 19. Rxb7 Rxc3 20. Bb1 a5 21. f4 g6 22. h3 a4 23. Rf2 Ra5 24. Re2 Ra6 25. Rf2 Ra3 26. Kh2 h5 27. Rb5 Kg7 28. f5 gxf5 29. h4 Kf8 30. Rbb2 Ra5 31. Rf4 Kg7 32. Bc2 Kg6 33. Bd1 Bxa2 34. Rbb4 Bb3 35. Bxb3 axb3 36. Rf3 Ra6 37. Rg3+ Kh6 38. Rgxb3 Rxb3 39. Rxb3 f4 40. Rb4 Rf6 41. Kg1 f3 42. g3 f2+ 43. Kf1 Kg6 44. Rb2 Rf3 45. Rb8 Kf5 46. Rg8 Ke4 47. Rg5 f5 1/2-1/2

[Event "CP-2018-Q-00012"]
[Site "LSS email"]
[Date "2018.11.28"]
[Round "?"]
[White "Kolar, Jaroslav"]
[Black "Boni, Roberto"]
[Result "1/2-1/2"]
[WhiteElo "2183"]
[BlackElo "2082"]
[PlyCount "95"]
[EventDate "2018.12.01"]
[EventType "tourn (corr)"]
[EventRounds "6"]
[EventCountry "GER"]
[SourceTitle "Corr 2022"]
[Source "ChessBase"]
[SourceDate "2021.10.24"]
[SourceVersion "1"]
[SourceVersionDate "2021.10.24"]
[SourceQuality "1"]

1. c4 e5 2. Nc3 Nf6 3. Nf3 Nc6 4. a3 g6 5. g3 Bg7 6. Bg2 0-0 7. 0-0 d6 8. d3 Nd4 9. Nd2 a5 10. Rb1 c6 11. b4 axb4 12. axb4 d5 13. b5 Re8 14. bxc6 bxc6 15. e3 Bg4 16. f3 Bf5 17. exd4 Bxd3 18. dxe5 Rxe5 19. cxd5 Nxd5 20. Nxd5 Rxd5 21. Rb7 Ba6 22. Rb3 Bxf1 23. Bxf1 Ra2 24. Rb7 Raxd2 25. Bxd2 Rxd2 26. Qb3 Qf6 27. Qb4 Qd4+ 28. Kh1 Qxb4 29. Rxb4 Bd4 30. Rb8+ Kg7 31. Rd8 Rd1 32. Kg2 c5 33. Bc4 Rd2+ 34. Kh1 Rf2 35. f4 h6 36. Rd7 g5 37. Rxf7+ Kg6 38. Be6 gxf4 39. Rxf4 Rxf4 40. gxf4 Kf6 41. f5 Kg5 42. Kg2 Kf4 43. Kf1 Kf3 44. Bd5+ Ke3 45. Kg2 Kf4 46. Be6 c4 47. Bxc4 Kxf5 48. Kf3 1/2-1/2

[Event "CP-2018-Q-00012"]
[Site "LSS email"]
[Date "2018.11.28"]
[Round "?"]
[White "Kolar, Jaroslav"]
[Black "Kobryn, Wieslaw"]
[Result "0-1"]
[WhiteElo "2183"]
[BlackElo "1987"]
[PlyCount "86"]
[EventDate "2018.12.01"]
[EventType "tourn (corr)"]
[EventRounds "6"]
[EventCountry "GER"]
[SourceTitle "Corr 2022"]
[Source "ChessBase"]
[SourceDate "2021.10.24"]
[SourceVersion "1"]
[SourceVersionDate "2021.10.24"]
[SourceQuality "1"]

1. c4 e5 2. Nc3 Nf6 3. Nf3 Nc6 4. e3 Bb4 5. Qc2 d6 6. Nd5 Ba5 7. a3 Nxd5 8. cxd5 Ne7 9. Qa4+ c6 10. dxc6 bxc6 11. Be2 Bb6 12. 0-0 0-0 13. b4 f5 14. Qb3+ Kh8 15. a4 Ng6 16. d4 e4 17. Nd2 Qe7 18. Qc2 Bd7 19. Ba3 Qg5 20. b5 cxb5 21. g3 Rac8 22. Qa2 Rf6 23. axb5 Qh6 24. Rfc1 Rcf8 25. Qb3 Be6 26. Bc4 Bc8 27. Ra2 Ne7 28. Qd1 Bb7 29. Bf1 Bd5 30. Nc4 g5 31. Rac2 f4 32. Nxb6 axb6 33. Qd2 Qh5 34. Bb2 Rh6 35. h3 fxg3 36. fxg3 g4 37. h4 Rf3 38. Qe1 Rhf6 39. Be2 Rxe3 40. Rc7 Rff3 41. R7c3 Qh6 42. Rxe3 Qxe3+ 43. Kg2 Nf5 0-1

[Event "CP-2018-Q-00012"]
[Site "LSS email"]
[Date "2018.11.28"]
[Round "?"]
[White "Kolar, Jaroslav"]
[Black "Loktaev, Val"]
[Result "1/2-1/2"]
[WhiteElo "2183"]
[BlackElo "2121"]
[PlyCount "76"]
[EventDate "2018.12.01"]
[EventType "tourn (corr)"]
[EventRounds "6"]
[EventCountry "GER"]
[SourceTitle "Corr 2022"]
[Source "ChessBase"]
[SourceDate "2021.10.24"]
[SourceVersion "1"]
[SourceVersionDate "2021.10.24"]
[SourceQuality "1"]

1. c4 Nf6 2. Nc3 e5 3. Nf3 Nc6 4. e3 Bb4 5. Qc2 d6 6. Nd5 Ba5 7. Be2 0-0 8. Nxf6+ Qxf6 9. 0-0 Bb6 10. a3 Bg4 11. h3 Bf5 12. Qc3 a5 13. b3 Qh6 14. d3 Bd7 15. Rb1 Qg6 16. Kh1 f5 17. b4 e4 18. Ng1 axb4 19. axb4 exd3 20. Bxd3 Ne5 21. Bc2 c5 22. Ne2 cxb4 23. Qxb4 Bc5 24. Nf4 Qh6 25. Qc3 Bc6 26. Nd5 Kh8 27. Bd1 Qh4 28. Be2 Ra4 29. Bb2 b5 30. Rbd1 b4 31. Qc2 Raa8 32. Qc1 Qh6 33. Rde1 f4 34. exf4 Bxd5 35. cxd5 Qxf4 36. Qxf4 Rxf4 37. f3 Rff8 38. g3 Ra2 1/2-1/2

[Event "SA-2018-0-00646"]
[Site "LSS email"]
[Date "2018.08.21"]
[Round "?"]
[White "Kolar, Jaroslav"]
[Black "Almeraya, Eduardo"]
[Result "1/2-1/2"]
[WhiteElo "2162"]
[BlackElo "2274"]
[PlyCount "53"]
[EventDate "2018.07.29"]
[EventType "tourn (corr)"]
[EventRounds "6"]
[EventCountry "GER"]
[SourceTitle "Corr 2022"]
[Source "ChessBase"]
[SourceDate "2021.10.24"]
[SourceVersion "1"]
[SourceVersionDate "2021.10.24"]
[SourceQuality "1"]

1. Nf3 d5 2. d4 Nf6 3. c4 e6 4. Nc3 Be7 5. Bf4 0-0 6. e3 Nbd7 7. c5 Nh5 8. Bd3 Nxf4 9. exf4 b6 10. b4 c6 11. 0-0 a5 12. a3 Ba6 13. Bxa6 Rxa6 14. Qe2 Ra8 15. Ne5 Nxe5 16. fxe5 b5 17. Rab1 Qe8 18. a4 axb4 19. Rxb4 bxa4 20. Nxa4 f6 21. Re1 fxe5 22. Qxe5 Bf6 23. Qe2 Rf7 24. Nb6 Raa7 25. h3 Kh8 26. Qd2 h6 27. g3 1/2-1/2

[Event "SA-2018-0-00646"]
[Site "LSS email"]
[Date "2018.08.21"]
[Round "?"]
[White "Kolar, Jaroslav"]
[Black "Ramponelli, Roberto"]
[Result "1/2-1/2"]
[WhiteElo "2162"]
[BlackElo "2209"]
[PlyCount "45"]
[EventDate "2018.07.29"]
[EventType "tourn (corr)"]
[EventRounds "6"]
[EventCountry "GER"]
[SourceTitle "Corr 2022"]
[Source "ChessBase"]
[SourceDate "2021.10.24"]
[SourceVersion "1"]
[SourceVersionDate "2021.10.24"]
[SourceQuality "1"]

1. Nf3 Nf6 2. c4 b6 3. g3 Bb7 4. Bg2 c5 5. 0-0 g6 6. d4 cxd4 7. Qxd4 Bg7 8. Nc3 d6 9. Rd1 Nbd7 10. Be3 Rc8 11. Rac1 0-0 12. Qh4 a6 13. b3 Re8 14. Bh3 Ba8 15. g4 b5 16. g5 Nh5 17. Qg4 e6 18. Ne4 d5 19. cxd5 Rxc1 20. Rxc1 Bxd5 21. Ng3 Nxg3 22. hxg3 Nb6 23. Bg2 1/2-1/2

[Event "SA-2018-0-00646"]
[Site "LSS email"]
[Date "2018.08.21"]
[Round "?"]
[White "Kolar, Jaroslav"]
[Black "Tyutyunnik, Roman"]
[Result "1/2-1/2"]
[WhiteElo "2162"]
[BlackElo "2088"]
[PlyCount "58"]
[EventDate "2018.07.29"]
[EventType "tourn (corr)"]
[EventRounds "6"]
[EventCountry "GER"]
[SourceTitle "Corr 2022"]
[Source "ChessBase"]
[SourceDate "2021.10.24"]
[SourceVersion "1"]
[SourceVersionDate "2021.10.24"]
[SourceQuality "1"]

1. Nf3 Nf6 2. c4 e6 3. Nc3 c5 4. g3 b6 5. Bg2 Bb7 6. 0-0 Be7 7. d4 cxd4 8. Qxd4 d6 9. Rd1 a6 10. Bg5 Nbd7 11. Qd2 0-0 12. Bf4 Ne8 13. Rac1 h6 14. b3 Qc7 15. e4 Rc8 16. h4 Qb8 17. Bh3 Ne5 18. Qe2 b5 19. cxb5 axb5 20. Nd4 Ng6 21. Ndxb5 Nxf4 22. gxf4 Bxh4 23. a4 Be7 24. f5 Kh8 25. fxe6 fxe6 26. Bxe6 Rc5 27. Bd5 Bh4 28. f4 Rxf4 29. Rf1 Rf6 1/2-1/2

[Event "WC-2018-P-00017"]
[Site "LSS email"]
[Date "2018.01.22"]
[Round "?"]
[White "Kolar, Jaroslav"]
[Black "Martins, Karin"]
[Result "1-0"]
[WhiteElo "2144"]
[BlackElo "1768"]
[PlyCount "103"]
[EventDate "2018.02.01"]
[EventType "tourn (corr)"]
[EventRounds "12"]
[EventCountry "GER"]
[SourceTitle "Corr 2022"]
[Source "ChessBase"]
[SourceDate "2021.10.24"]
[SourceVersion "1"]
[SourceVersionDate "2021.10.24"]
[SourceQuality "1"]

1. d4 Nf6 2. c4 g6 3. Nc3 d5 4. cxd5 Nxd5 5. e4 Nxc3 6. bxc3 Bg7 7. Nf3 c5 8. h3 0-0 9. Be2 Nc6 10. Be3 Qc7 11. 0-0 Rd8 12. Rc1 b6 13. d5 e6 14. c4 Bb7 15. Qd2 Ne5 16. Rfd1 Nxf3+ 17. Bxf3 Be5 18. g3 Re8 19. Bg2 Qd7 20. f4 Bg7 21. Qc2 Rad8 22. a4 Ba6 23. a5 e5 24. axb6 axb6 25. Rb1 Rb8 26. Qa2 Qa7 27. fxe5 Bxe5 28. Bf4 f6 29. Bxe5 fxe5 30. Ra1 Ra8 31. Qb2 Qc7 32. d6 Qd7 33. Qxb6 Bxc4 34. Rxa8 Rxa8 35. Qxc5 Qb5 36. Qc7 Qa4 37. Rb1 Bb5 38. Kh2 Re8 39. Rxb5 Qxb5 40. d7 Rf8 41. d8Q Rxd8 42. Qxd8+ Kg7 43. Qe7+ Kg8 44. h4 Qb2 45. h5 gxh5 46. Kh3 h4 47. Qxh4 Qd4 48. Qf6 Qc3 49. Bf3 Qa1 50. Kh4 Qd4 51. Kh5 Qg1 52. Kh6 1-0

[Event "WC-2018-P-00017"]
[Site "LSS email"]
[Date "2018.01.22"]
[Round "?"]
[White "Sadowski, Marek"]
[Black "Kolar, Jaroslav"]
[Result "1/2-1/2"]
[WhiteElo "2283"]
[BlackElo "2144"]
[PlyCount "72"]
[EventDate "2018.02.01"]
[EventType "tourn (corr)"]
[EventRounds "12"]
[EventCountry "GER"]
[SourceTitle "Corr 2022"]
[Source "ChessBase"]
[SourceDate "2021.10.24"]
[SourceVersion "1"]
[SourceVersionDate "2021.10.24"]
[SourceQuality "1"]

1. d4 Nf6 2. c4 g6 3. Nc3 d5 4. cxd5 Nxd5 5. e4 Nxc3 6. bxc3 Bg7 7. Bc4 c5 8. Ne2 Nc6 9. Be3 0-0 10. 0-0 Na5 11. Bd3 b6 12. Qd2 e5 13. Bh6 exd4 14. Bxg7 Kxg7 15. cxd4 cxd4 16. f4 f6 17. f5 Nc6 18. Bb5 Ne5 19. Nxd4 gxf5 20. exf5 Kh8 21. Ba4 Bb7 22. Bb3 Qe7 23. h3 Rad8 24. Rad1 Qg7 25. Qb2 Qh6 26. Rf2 Rfe8 27. Ne6 Rxd1+ 28. Bxd1 Qe3 29. Qd2 Nc4 30. Qxe3 Nxe3 31. Bb3 Nxg2 32. Rxg2 Bxg2 33. Kxg2 b5 34. Nc7 Re5 35. Be6 a5 36. Nd5 b4 1/2-1/2

[Event "CP-2017-P-00015"]
[Site "LSS email"]
[Date "2017.09.27"]
[Round "?"]
[White "Evans, Stan"]
[Black "Kolar, Jaroslav"]
[Result "0-1"]
[WhiteElo "1891"]
[BlackElo "2139"]
[PlyCount "68"]
[EventDate "2017.10.01"]
[EventType "tourn (corr)"]
[EventRounds "6"]
[EventCountry "GER"]
[SourceTitle "Corr 2022"]
[Source "ChessBase"]
[SourceDate "2021.10.24"]
[SourceVersion "1"]
[SourceVersionDate "2021.10.24"]
[SourceQuality "1"]

1. e4 c5 2. Nf3 d6 3. Bb5+ Bd7 4. Bxd7+ Qxd7 5. 0-0 Nc6 6. c3 Nf6 7. Qe2 e6 8. Rd1 Be7 9. d4 cxd4 10. cxd4 d5 11. e5 Ne4 12. Ne1 f6 13. f3 Ng5 14. Bxg5 fxg5 15. Nc3 0-0 16. h3 Rac8 17. Qe3 Bd8 18. Ne2 Bb6 19. Rac1 h6 20. Kh2 Ne7 21. Qd3 Nf5 22. Rxc8 Rxc8 23. Nc2 Qa4 24. Nc3 Qc4 25. g4 Qxd3 26. Rxd3 Nh4 27. Kg3 Ng6 28. Ne3 Ba5 29. Kh2 Nf4 30. Rd2 a6 31. a3 b5 32. Rc2 Rf8 33. Rd2 Bxc3 34. bxc3 Nxh3 0-1

[Event "CP-2017-P-00015"]
[Site "LSS email"]
[Date "2017.09.27"]
[Round "?"]
[White "Kolar, Jaroslav"]
[Black "Meljnikova, Ekaterina"]
[Result "1/2-1/2"]
[WhiteElo "2139"]
[BlackElo "2156"]
[PlyCount "65"]
[EventDate "2017.10.01"]
[EventType "tourn (corr)"]
[EventRounds "6"]
[EventCountry "GER"]
[SourceTitle "Corr 2022"]
[Source "ChessBase"]
[SourceDate "2021.10.24"]
[SourceVersion "1"]
[SourceVersionDate "2021.10.24"]
[SourceQuality "1"]

1. Nf3 Nf6 2. c4 e6 3. g3 d5 4. d4 Bb4+ 5. Bd2 Be7 6. Bg2 0-0 7. 0-0 Nbd7 8. Qc2 c6 9. Rd1 b6 10. b3 a5 11. Bc3 Ba6 12. Nbd2 c5 13. e4 cxd4 14. Nxd4 dxc4 15. Nxc4 Rc8 16. e5 Nd5 17. Nf5 Nxc3 18. Nxe7+ Qxe7 19. Qxc3 g5 20. Rd6 Bxc4 21. bxc4 Rc5 22. f4 Rfc8 23. Qd2 Nf8 24. Bf1 gxf4 25. gxf4 Ng6 26. Rb1 Kh8 27. Rbxb6 Nh4 28. Qf2 Nf5 29. Rd1 Rg8+ 30. Kh1 Rcc8 31. Rb3 Rg7 32. Be2 Nh4 33. Bf1 1/2-1/2

[Event "SB-2017-0-00510"]
[Site "LSS email"]
[Date "2017.08.31"]
[Round "?"]
[White "Zhdanenia, Konstantin A"]
[Black "Kolar, Jaroslav"]
[Result "1/2-1/2"]
[WhiteElo "1961"]
[BlackElo "2141"]
[PlyCount "25"]
[EventDate "2017.08.06"]
[EventType "tourn (corr)"]
[EventRounds "6"]
[EventCountry "GER"]
[SourceTitle "Corr 2022"]
[Source "ChessBase"]
[SourceDate "2021.10.24"]
[SourceVersion "1"]
[SourceVersionDate "2021.10.24"]
[SourceQuality "1"]

1. c4 c5 2. b3 Nf6 3. Bb2 e6 4. Nf3 Be7 5. e3 0-0 6. Be2 d5 7. 0-0 Nc6 8. cxd5 Nxd5 9. Nc3 Bf6 10. Qc1 b6 11. Nxd5 Bxb2 12. Qxb2 Qxd5 13. d4 1/2-1/2

[Event "SA-2017-0-00593"]
[Site "LSS email"]
[Date "2017.08.17"]
[Round "?"]
[White "Kolar, Jaroslav"]
[Black "Dehaybe, Andre"]
[Result "1/2-1/2"]
[WhiteElo "2144"]
[BlackElo "2218"]
[PlyCount "43"]
[EventDate "2017.07.24"]
[EventType "tourn (corr)"]
[EventRounds "6"]
[EventCountry "GER"]
[SourceTitle "Corr 2022"]
[Source "ChessBase"]
[SourceDate "2021.10.24"]
[SourceVersion "1"]
[SourceVersionDate "2021.10.24"]
[SourceQuality "1"]

1. d4 d5 2. c4 dxc4 3. Nf3 Nf6 4. e3 e6 5. Bxc4 a6 6. 0-0 Nbd7 7. a4 c5 8. Nc3 Qc7 9. Qe2 Bd6 10. Rd1 0-0 11. h3 b6 12. b3 cxd4 13. exd4 Bb7 14. d5 Bxd5 15. Bxd5 exd5 16. Nxd5 Nxd5 17. Rxd5 Nf6 18. Rxd6 Qxd6 19. Ba3 Qd5 20. Bxf8 Rxf8 21. Qc2 h6 22. Rd1 1/2-1/2

[Event "SA-2017-0-00593"]
[Site "LSS email"]
[Date "2017.08.15"]
[Round "?"]
[White "Jarabinsky, Martin"]
[Black "Kolar, Jaroslav"]
[Result "1/2-1/2"]
[WhiteElo "2253"]
[BlackElo "2144"]
[PlyCount "62"]
[EventDate "2017.07.24"]
[EventType "tourn (corr)"]
[EventRounds "6"]
[EventCountry "GER"]
[SourceTitle "Corr 2022"]
[Source "ChessBase"]
[SourceDate "2021.10.24"]
[SourceVersion "1"]
[SourceVersionDate "2021.10.24"]
[SourceQuality "1"]

1. e4 c5 2. Nf3 d6 3. d4 cxd4 4. Nxd4 Nf6 5. Nc3 a6 6. Be3 e5 7. Nb3 Be6 8. f3 h5 9. Qd2 Nbd7 10. 0-0-0 Be7 11. Kb1 b5 12. Nd5 Bxd5 13. exd5 Nb6 14. Bxb6 Qxb6 15. Na5 Rc8 16. Bd3 Nxd5 17. Bf5 Rb8 18. Qxd5 Qxa5 19. Be4 Qc7 20. Rhf1 0-0 21. g4 h4 22. Qd2 g5 23. Bd5 Kg7 24. a3 Rfc8 25. Qd3 Qd7 26. Bb3 a5 27. Qd5 Qe8 28. c3 f6 29. Qe4 Qg6 30. Qxg6+ Kxg6 31. Rd3 Rc5 1/2-1/2

[Event "RB-2017-0-00342"]
[Site "LSS email"]
[Date "2017.07.16"]
[Round "?"]
[White "Krol, Wladyslaw"]
[Black "Kolar, Jaroslav"]
[Result "1/2-1/2"]
[WhiteElo "1913"]
[BlackElo "2143"]
[PlyCount "41"]
[EventDate "2017.05.03"]
[EventType "tourn (corr)"]
[EventRounds "6"]
[EventCountry "GER"]
[SourceTitle "Corr 2022"]
[Source "ChessBase"]
[SourceDate "2021.10.24"]
[SourceVersion "1"]
[SourceVersionDate "2021.10.24"]
[SourceQuality "1"]

1. d4 Nf6 2. Nf3 g6 3. c4 Bg7 4. Bd2 0-0 5. Nc3 e6 6. e4 d5 7. e5 Ne4 8. Bf4 c5 9. Bd3 Nxc3 10. bxc3 dxc4 11. Bxc4 Nc6 12. 0-0 b6 13. dxc5 bxc5 14. Rb1 Rb8 15. Qxd8 Rxd8 16. Rxb8 Nxb8 17. Rb1 Nc6 18. h4 h6 19. Kh2 Rd7 20. g4 Rb7 21. Rd1 1/2-1/2

[Event "SB-2017-0-00489"]
[Site "LSS email"]
[Date "2017.03.15"]
[Round "?"]
[White "Sikorski, Roman"]
[Black "Kolar, Jaroslav"]
[Result "0-1"]
[WhiteElo "1861"]
[BlackElo "2150"]
[PlyCount "122"]
[EventDate "2017.02.01"]
[EventType "tourn (corr)"]
[EventRounds "6"]
[EventCountry "GER"]
[SourceTitle "Corr 2022"]
[Source "ChessBase"]
[SourceDate "2021.10.24"]
[SourceVersion "1"]
[SourceVersionDate "2021.10.24"]
[SourceQuality "1"]

1. e4 c5 2. Nf3 d6 3. d4 cxd4 4. Nxd4 Nf6 5. Nc3 a6 6. Be3 e5 7. Nb3 Be6 8. f3 h5 9. Nd5 Bxd5 10. exd5 Nbd7 11. Qd2 g6 12. Na5 Qc7 13. c4 Bg7 14. Be2 e4 15. Rc1 exf3 16. gxf3 0-0 17. 0-0 Rfe8 18. b4 b6 19. Nc6 Nb8 20. Nd4 Nbd7 21. Kh1 Ne5 22. Rg1 Qd7 23. Bh6 Bh8 24. Bg5 Rac8 25. a3 Bg7 26. Qf4 Nh7 27. Bh6 Bh8 28. b5 axb5 29. Nxb5 Rc5 30. Qd2 Nf6 31. a4 Rec8 32. Qa2 Re8 33. Rge1 Rcc8 34. Be3 Rb8 35. Bd4 Bg7 36. Rf1 Re7 37. Qd2 Rbe8 38. Bd1 Qh3 39. Kg1 Nd3 40. Rc2 Ng4 41. Qg2 Bxd4+ 42. Nxd4 Qxg2+ 43. Rxg2 Ne3 44. Rd2 Nxf1 45. Rxd3 Re3 46. Bc2 Rxd3 47. Bxd3 Nd2 48. Kf2 Rc8 49. Nc6 Ra8 50. Ke3 Nb3 51. Bc2 Nc5 52. Nd4 Kf8 53. Nb5 Ke7 54. Nc3 g5 55. f4 gxf4+ 56. Kxf4 Rg8 57. h3 Rg2 58. Bd1 Rd2 59. Bxh5 Rd4+ 60. Kf5 Rxc4 61. Nb5 Ne4 0-1

[Event "BI-2016-F-0000"]
[Site "LSS email"]
[Date "2016.02.14"]
[Round "?"]
[White "Pelekis, George"]
[Black "Kolar, Jaroslav"]
[Result "1/2-1/2"]
[WhiteElo "2008"]
[BlackElo "2191"]
[PlyCount "76"]
[EventDate "2016.02.20"]
[EventType "tourn (corr)"]
[EventRounds "10"]
[EventCountry "GER"]
[SourceTitle "Corr 2022"]
[Source "ChessBase"]
[SourceDate "2021.10.24"]
[SourceVersion "1"]
[SourceVersionDate "2021.10.24"]
[SourceQuality "1"]

1. e4 c5 2. Nf3 d6 3. Bb5+ Bd7 4. Bxd7+ Qxd7 5. c4 Nc6 6. Nc3 g6 7. d4 cxd4 8. Nxd4 Bg7 9. Be3 Nf6 10. f3 0-0 11. 0-0 a6 12. a4 e6 13. Rc1 Ne5 14. b3 d5 15. cxd5 exd5 16. exd5 Rfe8 17. Nc2 Rac8 18. Qd2 Qd8 19. Bf2 Qa5 20. Ne3 Qb4 21. Rc2 Ned7 22. Rb1 Bf8 23. Nc4 b5 24. axb5 axb5 25. Ne3 Bc5 26. Rbc1 Re5 27. Ne4 Qxd2 28. Nxf6+ Nxf6 29. Rxd2 Nxd5 30. Rxd5 Rxd5 31. b4 Rc6 32. Rxc5 Rcxc5 33. bxc5 Rxc5 34. Be1 f5 35. Kf1 Kf7 36. f4 Ke6 37. Ke2 Rc1 38. h3 Rb1 1/2-1/2

[Event "BI-2015-P-0000"]
[Site "LSS email"]
[Date "2015.04.16"]
[Round "?"]
[White "Kolar, Jaroslav"]
[Black "Sampaio Vianna Braga, Carlos Fernando"]
[Result "1-0"]
[WhiteElo "2203"]
[BlackElo "1375"]
[PlyCount "111"]
[EventDate "2015.04.22"]
[EventType "tourn (corr)"]
[EventRounds "10"]
[EventCountry "GER"]
[SourceTitle "Corr 2022"]
[Source "ChessBase"]
[SourceDate "2021.10.24"]
[SourceVersion "1"]
[SourceVersionDate "2021.10.24"]
[SourceQuality "1"]

1. Nf3 Nf6 2. c4 g6 3. Nc3 Bg7 4. e4 0-0 5. Be2 d6 6. d4 c5 7. d5 Bg4 8. 0-0 Nbd7 9. h3 Bxf3 10. Bxf3 h5 11. Be2 Nh7 12. Qd3 Bd4 13. Be3 Bf6 14. f4 h4 15. e5 dxe5 16. f5 g5 17. Ne4 Qa5 18. Rfe1 Rfd8 19. Bh5 Rac8 20. d6 Nb6 21. Red1 Rd7 22. Qf1 Qa6 23. dxe7 Rxe7 24. Rd6 Qxc4 25. Qf3 Nd7 26. Rad1 Rc7 27. b3 Qb4 28. Bd2 Qd4+ 29. Rxd4 exd4 30. Bg6 Nhf8 31. Nxf6+ Nxf6 32. Bxg5 N8d7 33. Bh5 Rc6 34. Qf2 Rb6 35. Bf3 Re5 36. Bxh4 Kf8 37. Qg3 Ke7 38. b4 Kf8 39. bxc5 Rxc5 40. Bxf6 Rxf6 41. Rxd4 Ne5 42. Be4 Ke7 43. Qa3 Nd7 44. Rxd7+ Kxd7 45. Qxc5 b6 46. Qe5 Rd6 47. f6 Kc7 48. Kf2 a6 49. h4 a5 50. a4 b5 51. Qc5+ Kd7 52. Bf5+ Re6 53. axb5 a4 54. Qe7+ Kc8 55. Bxe6+ Kb8 56. Qd8+ 1-0

[Event "BI-2015-P-0000"]
[Site "LSS email"]
[Date "2015.04.16"]
[Round "?"]
[White "Kolar, Jaroslav"]
[Black "Suarez, Ron"]
[Result "1-0"]
[WhiteElo "2203"]
[BlackElo "1669"]
[PlyCount "81"]
[EventDate "2015.04.22"]
[EventType "tourn (corr)"]
[EventRounds "10"]
[EventCountry "GER"]
[SourceTitle "Corr 2022"]
[Source "ChessBase"]
[SourceDate "2021.10.24"]
[SourceVersion "1"]
[SourceVersionDate "2021.10.24"]
[SourceQuality "1"]

1. Nf3 e6 2. c4 f5 3. g3 Nf6 4. Bg2 Be7 5. 0-0 0-0 6. b3 d6 7. d4 Ne4 8. Bb2 Bf6 9. Nbd2 Nc6 10. Ne1 Nxd2 11. Qxd2 e5 12. Bd5+ Kh8 13. Bxc6 bxc6 14. dxe5 dxe5 15. Qxd8 Rxd8 16. Nd3 Re8 17. f4 e4 18. Bxf6 gxf6 19. Nc5 Kg7 20. Rfd1 Kf7 21. e3 h5 22. Rd4 Rg8 23. Rad1 h4 24. Kf2 hxg3+ 25. hxg3 Rh8 26. Rd8 Be6 27. Rxa8 Rxa8 28. Rh1 Ke7 29. g4 fxg4 30. Rh7+ Bf7 31. Nxe4 a5 32. Rh6 a4 33. Nxf6 axb3 34. axb3 Be6 35. Ne4 Ra2+ 36. Kg3 Re2 37. Ng5 Bd7 38. Rh7+ Kd8 39. e4 Re3+ 40. Kf2 Rxb3 41. f5 1-0

[Event "BI-2015-P-0000"]
[Site "LSS email"]
[Date "2015.04.16"]
[Round "?"]
[White "Kolar, Jaroslav"]
[Black "Van Esbroeck, Jeff"]
[Result "1-0"]
[WhiteElo "2203"]
[BlackElo "568"]
[PlyCount "31"]
[EventDate "2015.04.22"]
[EventType "tourn (corr)"]
[EventRounds "10"]
[EventCountry "GER"]
[SourceTitle "Corr 2022"]
[Source "ChessBase"]
[SourceDate "2021.10.24"]
[SourceVersion "1"]
[SourceVersionDate "2021.10.24"]
[SourceQuality "1"]

1. Nf3 Nc6 2. d4 d5 3. c4 Nf6 4. cxd5 Qxd5 5. Nc3 Qd8 6. d5 Nb4 7. Qa4+ c6 8. Qxb4 Nxd5 9. Qb3 e6 10. e4 Nxc3 11. Qxc3 Qf6 12. e5 Qg6 13. Be2 a5 14. 0-0 Bb4 15. Qc4 0-0 16. Nh4 1-0